| 000 | 00946nam a22002897a 4500 | ||
|---|---|---|---|
| 001 | 9658 | ||
| 003 | FISKH | ||
| 005 | 20260128103535.0 | ||
| 008 | 260128b cb ||||| |||| 00| 0 eng d | ||
| 020 | _a9780312611897 | ||
| 040 |
_aFISKH _beng _cFISKH _dFISKH |
||
| 050 | _aPZ7 .S8177 .D | ||
| 082 | _a813.0 | ||
| 100 |
_aSteig, William _eAuthor |
||
| 245 |
_aDoctor De Soto / _cWilliam Steig |
||
| 260 |
_aNew York : _bFarrar Straus Giroux , _c2010 |
||
| 300 |
_a28 unnumbered pages : _bcolor illustrations ; _c26 cm |
||
| 490 |
_aDoctor De Soto : _v1 |
||
| 505 | _aN | ||
| 520 | _aDr. De Soto, a mouse dentist, copes with the toothaches of various animals except those with a taste for mice, until the day a fox comes to him in great pain. | ||
| 521 | 8 |
_a560
_bLexile AD |
|
| 521 | 8 |
_aN
_bRaz-Plus |
|
| 650 |
_aCommunity helpers _vDental health |
||
| 650 |
_aAnimal stories _vPictures book |
||
| 942 |
_2ddc _cBK _n0 |
||
| 999 |
_c9658 _d9658 |
||